|
|
|
|
| LEADER |
00000nam0a2200000 4500 |
| 001 |
308831 |
| 005 |
20231102002131.0 |
| 035 |
|
|
|a (RuTPU)RU\TPU\book\334152
|
| 090 |
|
|
|a 308831
|
| 100 |
|
|
|a 20151106d1966 m y0rusy50 ca
|
| 101 |
0 |
|
|a rus
|
| 102 |
|
|
|a RU
|
| 105 |
|
|
|a a j 001zy
|
| 200 |
1 |
|
|a Расчет самолета на прочность
|e учебник
|f С. Н. Кан, И. А. Свердлов
|
| 205 |
|
|
|a 5-е изд., перераб. и доп.
|
| 210 |
|
|
|a Москва
|c Машиностроение
|d 1966
|
| 215 |
|
|
|a 520 с.
|c ил.
|
| 320 |
|
|
|a Библиогр.: с. 513-515
|
| 606 |
1 |
|
|a Самолеты
|x Расчет на прочность
|2 stltpush
|3 (RuTPU)RU\TPU\subj\53669
|9 71836
|
| 610 |
1 |
|
|a нагрузки
|
| 610 |
1 |
|
|a разрушающие напряжения
|
| 610 |
1 |
|
|a крылья
|
| 610 |
1 |
|
|a расчет
|
| 610 |
1 |
|
|a элероны
|
| 610 |
1 |
|
|a статическая аэроупругость
|
| 610 |
1 |
|
|a оперения
|
| 610 |
1 |
|
|a колебания
|
| 610 |
1 |
|
|a фюзеляж
|
| 610 |
1 |
|
|a шасси
|
| 610 |
1 |
|
|a амортизация
|
| 610 |
1 |
|
|a узловые соединения
|
| 610 |
1 |
|
|a температурные напряжения
|
| 610 |
1 |
|
|a усталостная долговечность
|
| 610 |
1 |
|
|a учебники
|
| 675 |
|
|
|a 629.73.015.4(075.8)
|v 4
|
| 700 |
|
1 |
|a Кан
|b С. Н.
|g Савелий Нахимович
|
| 701 |
|
1 |
|a Свердлов
|b И. А.
|g Иосиф Абрамович
|
| 801 |
|
1 |
|a RU
|b 63413507
|c 20151106
|
| 801 |
|
2 |
|a RU
|b 63413507
|c 20171017
|g RCR
|
| 942 |
|
|
|c BK
|